Architectural hardware

Bibliographic Details
Main Author: Berry, Nancy E
Format: Book
Published: Massachusetts : Quarry Books , 2006
Subjects:

MARC

LEADER 00000cam a2200000 7i4500
001 0000113708
005 20071130.0
020 |a 1592532950 
090 0 0 |a 747.9   |b BER 
100 1 |a Berry, Nancy E 
245 1 0 |a Architectural hardware   |c Nancy E. Berry 
260 |a Massachusetts :   |b Quarry Books ,   |c 2006 
300 |a 176p. :   |b col.,photo ;   |c 28cm. 
650 0 0 |a Building fittings 
650 0 0 |a Finish hardware 
999 |a 00207787   |b BUKU   |c PINJAMAN   |e PERPUSTAKAAN KOMUNITI PETALING JAYA